Normal view
MARC view
Entry Topical Term
001 - CONTROL NUMBER
- control field: 26636
003 - CONTROL NUMBER IDENTIFIER
- control field: OSt
005 - DATE AND TIME OF LATEST TRANSACTION
- control field: 20250404024207.0
008 - FIXED-LENGTH DATA ELEMENTS
- fixed length control field: 250404|| aca||aabn | a|a d
040 ## - CATALOGING SOURCE
- Original cataloging agency: OSt
- Transcribing agency: OSt
150 ## - HEADING--TOPICAL TERM
- Topical term or geographic name entry element: Guro (Filipino poem)
670 ## - SOURCE DATA FOUND
- Source citation: Work cat.: (OSt)7788: Plana, Marjori H. 26635, Guro /, 2006.